|
|
|
|
| LEADER |
01029nam a2200289 a 4500 |
| 001 |
379 |
| 003 |
BD-DhAAL |
| 005 |
20150607094417.0 |
| 008 |
150607s1993 iluab 001 0 eng |
| 010 |
|
|
|a 92036228
|
| 020 |
|
|
|a 0256133964
|
| 040 |
|
|
|a DLC
|c DLC
|d DLC
|d BD-DhAAL
|
| 050 |
0 |
0 |
|a QA76.5
|b .H877 1993
|
| 082 |
0 |
0 |
|a 004.16
|2 20
|
| 100 |
1 |
|
|a Clifford, Sarah Hutchinson.
|9 10996
|
| 245 |
1 |
0 |
|a Microcomputer fundamentals /
|c Sarah E. Hutchinson, Stacey C. Sawyer.
|
| 260 |
|
|
|a Homewood, IL :
|b Irwin,
|c c1993.
|
| 300 |
|
|
|a 1 v. (various pagings) :
|b ill. (some col.), col. map ;
|c 28 cm.
|
| 490 |
|
|
|a Irwin advantage series for computer education
|
| 500 |
|
|
|a Includes index.
|
| 541 |
|
|
|e 379
|
| 650 |
|
0 |
|a Microcomputers.
|9 7165
|
| 650 |
|
0 |
|a Computer software.
|9 11722
|
| 700 |
1 |
|
|a Sawyer, Stacey C.
|9 10998
|
| 942 |
|
|
|2 ddc
|c BK
|
| 999 |
|
|
|c 34622
|d 34622
|
| 952 |
|
|
|0 0
|1 0
|2 ddc
|4 0
|6 004_160000000000000_CLI
|7 0
|9 54064
|a SCL
|b SCL
|c GEN
|d 2015-06-07
|e Gift: The Asia Foundation
|l 0
|o 004.16 CLI
|p 3020000379
|r 2015-06-07
|t 1
|w 2015-06-07
|y BK
|